Indice analítico de las Misceláneas Históricas de Mallorca de Joaquín Mª Bover de Roselló / (Record no. 45162)

MARC details
000 -LEADER
campo de control de longitud fija 00747nam a2200193 i 4500
001 - NÚMERO DE CONTROL
campo de control 45162
003 - IDENTIFICADOR DE NÚMERO DE CONTROL
campo de control ES-MaACL
005 - FECHA Y HORA DE LA ÚLTIMA TRANSACCIÓN
campo de control 20230906161152.0
007 - CAMPO FIJO DE DESCRIPCIÓN FÍSICA--INFORMACIÓN GENERAL
campo de control de longitud fija t|
008 - DATOS DE LONGITUD FIJA--INFORMACIÓN GENERAL
campo de control de longitud fija 030325s1981 sp ||||1| spa d
100 1# - ENTRADA PRINCIPAL--NOMBRE DE PERSONA
Nombre de persona Cirera y Prim, Jaume.
9 (RLIN) 38882
245 10 - MENCIÓN DEL TÍTULO
Título Indice analítico de las Misceláneas Históricas de Mallorca de Joaquín Mª Bover de Roselló /
Mención de responsabilidad, etc. Jaume Cirera i Prim.
260 ## - PUBLICACIÓN, DISTRIBUCIÓN, ETC.
Lugar de publicación, distribución, etc. Palma de Mallorca :
Nombre del editor, distribuidor, etc. Biblioteca Bartolomé March,
Fecha de publicación, distribución, etc. 1981.
300 ## - DESCRIPCIÓN FÍSICA
Extensión [58] p. ;
Dimensiones 25 cm.
500 ## - NOTA GENERAL
Nota general Separata de: Bolletí de la Societat Arqueológica Luliana, 1981, t. XXXVIII, p. 61-118.
700 1# - ENTRADA AGREGADA--NOMBRE PERSONAL
Nombre de persona Bover, Joaquín María (
Fechas asociadas al nombre 1810-1865)
9 (RLIN) 146861
740 0# - ENTRADA AGREGADA--TÍTULO RELACIONADO/ANALÍTICO NO CONTROLADO
Título relacionado o analítico no controlado Misceláneas históricas de Mallorca.
852 ## - LOCALIZACIÓN
Ubicación ES-MaACL
Número de control de estantería L-8780
Sublocalización o colección R.110578
Holdings
Estatus retirado Estado de pérdida Estado de daño No para préstamo Biblioteca de origen Biblioteca actual Ubicación en estantería Fecha de adquisición Fuente de adquisición Total de préstamos Signatura topográfica completa Código de barras Visto por última vez Precio de reemplazo Tipo de ítem Koha
        Biblioteca del Ateneo de Madrid Biblioteca del Ateneo de Madrid Depósito 2 17/01/2008     L-8780 1047527 23/02/2023 23/02/2023 Libro impreso